| 000 | 00741nam a2200265 a 4500 | ||
|---|---|---|---|
| 008 | |||
| 020 | _a061846770x (pbk.) | ||
| 049 | _aMAIN | ||
| 050 | 0 | 0 |
_aLB2343 _bELL |
| 100 | 1 | _aEllis, Dave. | |
| 245 | 1 | 0 |
_aBecoming a master student / _cDave, Ellis. |
| 250 | _a11th ed. | ||
| 260 |
_aBoston : _bHoughton Mifflin, _c2006 |
||
| 300 |
_axiii, 414 p. : _bcol. ill. ; _c28cm. |
||
| 500 | _aIncludes index. | ||
| 500 | _aIncludes bibliographical references. | ||
| 650 | _aCollege education. | ||
| 650 | _aNatural learning abilities. | ||
| 650 | _aMaster student map. | ||
| 907 |
_a.b10183176 _b07-09-09 _c16-12-05 |
||
| 003 | |||
| 005 | 20230123134303.0 | ||
| 040 | _cNUST | ||
| 942 | _cBOOKS | ||
| 999 |
_c163280 _d163280 |
||